00433nam a22001697a 450000500170000000800410001702000180005804000210007604100080009708200120010510000260011724500450014325000120018826000340020030000100023465000190024420220618103511.0220618b ||||| |||| 00| 0 eng d a9789391883249 aIN-DiNCcIN-DiNC dasm a330.954 aAhmed Rofiqueeauthor aBharatiya arthaniti IIcby Rofique Ahmed a1st ed. aJorhatbUnika Prakashanc2022 a208p. aindian economy